100 Biggest Cities in Minas Gerais - Statistics

General Stats
  • This quiz has been taken 173 times
  • The average score is 29 of 100
Answer Stats
Population City % Correct
2,530,700 Belo Horizonte
97%
687,010 Uberlândia
85%
446,740 Betim
83%
671,570 Contagem
80%
332,680 Uberaba
79%
570,970 Juiz de Fora
77%
271,050 Governador Valadares
72%
397,310 Montes Claros
70%
264,540 Ipatinga
60%
65,070 Ouro Preto
60%
238,030 Sete Lagoas
57%
133,110 Varginha
57%
236,240 Divinópolis
54%
165,700 Poços de Caldas
53%
115,410 Teófilo Otoni
53%
338,920 Ribeirão das Neves
51%
85,930 São João del Rei
51%
141,270 Pouso Alegre
50%
95,250 Nova Lima
49%
106,800 Araxá
48%
221,090 Santa Luzia
48%
100,770 Lavras
44%
134,400 Sabará
44%
183,610 Ibirité
43%
113,480 Ubá
43%
142,390 Patos de Minas
42%
72,880 Três Corações
42%
54,330 Mariana
41%
127,260 Barbacena
40%
113,440 Itabira
38%
131,850 Vespasiano
38%
41,850 Diamantina
37%
109,320 Coronel Fabriciano
34%
110,030 Passos
33%
34,740 Brumadinho
31%
74,470 Viçosa
31%
124,700 Conselheiro Lafaiete
30%
62,070 Formiga
30%
36,050 Ouro Branco
30%
50,800 Itabirito
29%
110,580 Araguari
28%
75,930 Alfenas
27%
54,360 Congonhas
27%
73,620 Curvelo
27%
80,540 João Monlevade
27%
90,380 Pará de Minas
27%
81,270 Patrocínio
27%
102,360 Nova Serrana
26%
101,410 Ituiutaba
24%
62,210 Lagoa Santa
24%
68,670 Unaí
24%
34,260 Extrema
23%
88,920 Itaúna
23%
75,020 Manhuaçu
23%
101,770 Muriaé
23%
82,320 Paracatu
22%
37,430 Oliveira
21%
89,270 Itajubá
20%
46,540 São Lourenço
20%
65,620 Janaúba
19%
91,130 Timóteo
19%
48,440 Bom Despacho
17%
42,900 Januária
17%
39,450 Caeté
16%
76,990 Caratinga
16%
35,380 Machado
16%
33,680 Sarzedo
16%
67,630 Esmeraldas
15%
47,100 Leopoldina
15%
55,400 Pedro Leopoldo
15%
49,090 Três Pontas
15%
37,730 Arcos
14%
41,760 Igarapé
13%
55,800 Pirapora
13%
34,700 Almenara
12%
49,120 Guaxupé
12%
52,030 Lagoa da Prata
12%
32,820 Salinas
12%
36,560 Nanuque
11%
53,520 Ponte Nova
11%
41,390 Santos Dumont
11%
39,630 Bocaiúva
10%
51,260 Campo Belo
10%
72,700 Cataguases
10%
38,980 João Pinheiro
10%
38,020 Santa Rita do Sapucaí
10%
35,980 São Francisco
8%
31,360 Andradas
7%
52,160 Frutal
7%
34,980 Matozinhos
7%
33,390 Santana do Paraíso
7%
66,350 São Sebastião do Paraíso
7%
33,080 Além Paraíba
5%
33,690 Boa Esperança
5%
42,090 Monte Carmelo
4%
34,090 São Gotardo
4%
37,940 Iturama
3%
31,480 Piumhi
3%
35,850 Visconde do Rio Branco
3%
35,070 Várzea da Palma
2%
No matching quizzes found
Score Distribution
Percent of People with Each Score
Percentile by Number Answered
Your Score History
You have not taken this quiz